<?xml version="1.0" encoding="UTF-8"?>
<collection xmlns="http://www.loc.gov/MARC21/slim">
    <record>
        <controlfield tag="001">70435</controlfield>
        <controlfield tag="005">20180517143106.0</controlfield>
        <datafield tag="037" ind1=" " ind2=" ">
            <subfield code="a">TAZ-TFG-2017-1057</subfield>
        </datafield>
        <datafield tag="041" ind1=" " ind2=" ">
            <subfield code="a">spa</subfield>
        </datafield>
        <datafield tag="100" ind1="1" ind2=" ">
            <subfield code="a">ENGUITA ARNAL, LAURA</subfield>
        </datafield>
        <datafield tag="242" ind1="0" ind2="0">
            <subfield code="a">HLA haplotype study in VIH seropositive persons</subfield>
        </datafield>
        <datafield tag="245" ind1="0" ind2="0">
            <subfield code="a">Estudio de haplotipos HLA en personas VIH seropositivas</subfield>
        </datafield>
        <datafield tag="260" ind1=" " ind2=" ">
            <subfield code="a">Zaragoza</subfield>
            <subfield code="b">Universidad de Zaragoza</subfield>
            <subfield code="c">2017</subfield>
        </datafield>
        <datafield tag="506" ind1=" " ind2=" ">
            <subfield code="a">by-nc-sa</subfield>
            <subfield code="b">Creative Commons</subfield>
            <subfield code="c">3.0</subfield>
            <subfield code="u">http://creativecommons.org/licenses/by-nc-sa/3.0/</subfield>
        </datafield>
        <datafield tag="520" ind1=" " ind2=" ">
            <subfield code="a">Son varios los elementos que influyen en la evolución de la infección por VIH; entre ellos se encuentran elementos de tipo microbiano, ambiental, inmunológico y del Sistema HLA. Por esta precisa razón no se puede hablar con seguridad del Sistema HLA como marcador pronóstico de la enfermedad, ya que hay otros factores que influyen en su pronóstico. Sin embargo, se conoce que la diversidad alélica o polimorfismos del Sistema HLA es significativa en términos de susceptibilidad y progresión de la enfermedad.  Con la finalidad de esclarecer que antígenos HLA se relacionaban con la protección frente a la infección, la susceptibilidad o la progresión rápida o lenta de la misma, se llevó a cabo un estudio en el que se relacionaba el tipaje HLA con la carga viral de cada paciente, en una muestra de 100 pacientes seropositivos del HCU de Zaragoza. De este modo se puso de manifiesto que el antígeno HLA-A3 (considerado un antígeno HLA que confiere una progresión lenta de la enfermedad) solo aparecía, efectivamente, en el llamado grupo de progresores lentos. Se observaron también los resultados de otros antígenos, como el HLA-A24, que implicaba susceptibilidad y una progresión rápida de la enfermedad, o el HLA-B35, que aparecía como antígeno de protección, así como de progresión rápida y progresión lenta de la enfermedad. Pese a las manifestaciones comentadas, resulta difícil actualmente proponer con claridad un antígeno HLA que indique con certeza la evolución de la infección por VIH.</subfield>
        </datafield>
        <datafield tag="521" ind1=" " ind2=" ">
            <subfield code="a">Graduado en Medicina</subfield>
        </datafield>
        <datafield tag="540" ind1=" " ind2=" ">
            <subfield code="a">Derechos regulados por licencia Creative Commons</subfield>
        </datafield>
        <datafield tag="700" ind1=" " ind2=" ">
            <subfield code="a">LARRAD MUR, LUIS</subfield>
            <subfield code="e">dir.</subfield>
        </datafield>
        <datafield tag="710" ind1="2" ind2=" ">
            <subfield code="a">Universidad de Zaragoza</subfield>
            <subfield code="b">Microbiología, Medicina Preventiva y Salud Pública</subfield>
            <subfield code="c">Inmunología</subfield>
        </datafield>
        <datafield tag="856" ind1="0" ind2=" ">
            <subfield code="f">650818@celes.unizar.es</subfield>
        </datafield>
        <datafield tag="856" ind1="4" ind2=" ">
            <subfield code="s">2837201</subfield>
            <subfield code="u">http://zaguan.unizar.es/record/70435/files/TAZ-TFG-2017-1057.pdf</subfield>
            <subfield code="y">Memoria (spa)</subfield>
        </datafield>
        <datafield tag="909" ind1="C" ind2="O">
            <subfield code="o">oai:zaguan.unizar.es:70435</subfield>
            <subfield code="p">driver</subfield>
            <subfield code="p">trabajos-fin-grado</subfield>
        </datafield>
        <datafield tag="950" ind1=" " ind2=" ">
            <subfield code="a"></subfield>
        </datafield>
        <datafield tag="951" ind1=" " ind2=" ">
            <subfield code="a">deposita:2018-05-17</subfield>
        </datafield>
        <datafield tag="980" ind1=" " ind2=" ">
            <subfield code="a">TAZ</subfield>
            <subfield code="b">TFG</subfield>
            <subfield code="c">MED</subfield>
        </datafield>
    </record>

    
</collection>